|
|
|
|
| LEADER |
00000nam a2200000 i 4500 |
| 001 |
DIGVIETO160 |
| 003 |
NyNyDIG |
| 008 |
200715s2017 sp o 000 0 spa d |
| 006 |
m o d |
| 007 |
cr ||||||||||| |
| 035 |
|
|
|a (OCoLC)1196210907
|
| 040 |
|
|
|a DGITA
|b eng
|e rda
|e pn
|c DGITA
|
| 020 |
|
|
|z 9788416995417
|
| 020 |
|
|
|z 8416995419
|
| 041 |
1 |
|
|a spa
|h ita
|
| 050 |
1 |
4 |
|a JC574 ebook
|
| 082 |
0 |
4 |
|a 320.51
|
| 100 |
1 |
|
|a Formenti, Carlo,
|d 1947-
|e author.
|
| 240 |
1 |
0 |
|a Variante populista.
|l Spanish
|s (Konkreto)
|
| 245 |
1 |
3 |
|a La variante populista :
|b lucha de clases en el neoliberalismo /
|c Carlo Formenti ; traducción de konkreto ; prólogo de Manolo Monereo.
|
| 264 |
|
1 |
|a [Vilassar de Dalt, Barcelona] :
|b El Viejo Topo,
|c [2017]
|
| 300 |
|
|
|a 1 online resource.
|
| 336 |
|
|
|a text
|b txt
|2 rdacontent
|
| 337 |
|
|
|a computer
|b c
|2 rdamedia
|
| 338 |
|
|
|a online resource
|b cr
|2 rdacarrier
|
| 347 |
|
|
|a text file
|2 rdaft
|
| 347 |
|
|
|b PDF
|
| 588 |
0 |
|
|a Online resource; title from PDF title page (Digitalia, viewed July 25, 2020)
|
| 650 |
|
0 |
|a Neoliberalism.
|
| 650 |
|
0 |
|a Populism.
|
| 650 |
|
0 |
|a Social conflict.
|
| 650 |
|
0 |
|a Right and left (Political science)
|
| 655 |
|
0 |
|a Electronic books.
|
| 700 |
1 |
|
|a Monereo, Manuel,
|e contributor agent of text.
|
| 700 |
0 |
|
|a Konkreto
|c (Translator),
|t ranslator.
|
| 700 |
1 |
|
|i Translation of:
|a Formenti, Carlo,
|d 1947-
|t Variante populista.
|
| 791 |
2 |
|
|a Digitalia (Firm),
|e distributor.
|
| 793 |
0 |
|
|g Digitalia eBook Collection:
|a El Viejo Topo
|
| 776 |
0 |
8 |
|i Print version:
|a Moro, Domenico, 1964-
|s Variante populista. Spanish (Konkreto)
|t Variante populista.
|d [Vilassar de Dalt, Barcelona] : El Viejo Topo, [2017]
|z 9788416995417
|
| 856 |
4 |
0 |
|3 Digitalia Hispánica
|u https://www.digitaliapublishing.com/a/57764/
|
| 910 |
|
|
|a Premium collection: 2020
|